Trait anxiety, sensation seeking, internal-external locus of control in male and female delinquents and non-delinquents

Personality research with delinquents has largely produced inconclusive and inconsistent results. Peterson, Quay and Cameron (1959) have pointed out that: Most investigations of personality factors in crime and delinquency have begun with a legally defined sample of offenders, proceeded with compari...

Descripción completa

Guardado en:  
Detalles Bibliográficos
Autor principal: Sherrets, Steve (Autor)
Tipo de documento: Electrónico Libro
Lenguaje:Inglés
Publicado: 1973
En:Año: 1973
Acceso en línea: Volltext (kostenfrei)
Verificar disponibilidad: HBZ Gateway

MARC

LEADER 00000cam a22000002c 4500
001 1866610163
003 DE-627
005 20250129054858.0
007 cr uuu---uuuuu
008 231020s1973 xx |||||o 00| ||eng c
035 |a (DE-627)1866610163 
035 |a (DE-599)KXP1866610163 
040 |a DE-627  |b ger  |c DE-627  |e rda 
041 |a eng 
084 |a 2,1  |2 ssgn 
100 1 |a Sherrets, Steve  |e VerfasserIn  |4 aut 
245 1 0 |a Trait anxiety, sensation seeking, internal-external locus of control in male and female delinquents and non-delinquents 
264 1 |c 1973 
336 |a Text  |b txt  |2 rdacontent 
337 |a Computermedien  |b c  |2 rdamedia 
338 |a Online-Ressource  |b cr  |2 rdacarrier 
520 |a Personality research with delinquents has largely produced inconclusive and inconsistent results. Peterson, Quay and Cameron (1959) have pointed out that: Most investigations of personality factors in crime and delinquency have begun with a legally defined sample of offenders, proceeded with comparisons between that group and a more or less carefully matched group of non-offenders, and ended with less ambiguous results 
856 4 0 |u https://core.ac.uk/download/232755320.pdf  |x Verlag  |z kostenfrei  |3 Volltext  |7 0 
935 |a mkri 
951 |a BO 
ELC |a 1 
LOK |0 000 xxxxxcx a22 zn 4500 
LOK |0 001 439424675X 
LOK |0 003 DE-627 
LOK |0 004 1866610163 
LOK |0 005 20231020043712 
LOK |0 008 231020||||||||||||||||ger||||||| 
LOK |0 035   |a (DE-2619)CORE69375568 
LOK |0 040   |a DE-2619  |c DE-627  |d DE-2619 
LOK |0 092   |o n 
LOK |0 852   |a DE-2619 
LOK |0 852 1  |9 00 
LOK |0 935   |a core 
LOK |0 939   |a 20-10-23  |b l01 
OAS |a 1 
ORI |a SA-MARC-krimdoka001.raw